[Event "Cannes masters k.o."]
[Site "Cannes"]
[Date "2000.02.19"]
[Round "1.1"]
[White "Marciano, David"]
[Black "Giffard, Nicolas"]
[Result "1/2-1/2"]
[WhiteElo "2526"]
[BlackElo "2364"]
[Annotator "Finkel,A"]
[PlyCount "131"]
[EventDate "2000.02.19"]
[EventType "k.o."]
[EventRounds "5"]
[EventCountry "FRA"]
[SourceTitle "CBM 076"]
[Source "ChessBase"]
[SourceDate "2000.05.31"]
[SourceVersion "1"]
[SourceVersionDate "2000.05.31"]
[SourceQuality "1"]

{[%mdl 12288]} 1. e4 Nf6 2. e5 Nd5 3. d4 d6 4. c4 Nb6 5. exd6 {Not so
ambitious,but nevertheless quiet poisonous continuation demending from black
accurate play not to sink into the troubles.} exd6 6. Nc3 Be7 7. Be2 (7. Bd3 $5
) 7... O-O 8. Nf3 Bg4 9. h3 Bh5 10. O-O Nc6 (10... c6 11. b3 $5 a5 12. Bf4 d5
13. c5 N6d7 14. Na4 Re8 15. Qd2 Bf6 16. Rfe1 $14 {Velicka,P-Sergeev,V/Trinec
op9798}) 11. b3 (11. g3 $6 Bf6 12. Be3 Re8 13. Qd2 h6 14. Rfe1 d5 15. c5 Nc8
16. b4 a6 17. Rab1 N8e7 $13 {Hunt,H-Sedina,E/Erevan olw 1996}) 11... Bf6 12.
Be3 Bg6 (12... d5 13. c5 Nc8 14. b4 Bxf3 15. Bxf3 N8e7 16. b5 Na5 17. Qd3 c6
$13 {Kuczynski,R-Tomaszewski,R/Rubinstein mem 1987}) (12... Re8 13. Qd2 d5 14.
c5 Nc8 15. g4 Bg6 16. Bb5 Qd7 17. Nh2 a6 18. Bxc6 Qxc6 19. f4 {1/2-1/2
Kuczynski,R-Gazik,I/Budapest zt-B 1993}) 13. Qd2 Re8 14. Rac1 (14. a4 $6 a5 15.
Rac1 Nb4 16. Rfd1 c6 17. Na2 Nxa2 18. Qxa2 d5 19. c5 Nd7 $13 {Hendriks,R-De
Waal,M/Computerij op 1998}) 14... h6 15. d5 (15. Bd3 $5) 15... Ne7 16. Nd4 (16.
Bd3 Nf5 17. Bf4 Nd7 18. Qc2 Nh4 19. Nxh4 Bxd3 20. Qxd3 Bxh4 $11) 16... Nf5 17.
Nxf5 Bxf5 18. Nb5 Nd7 $11 19. Nxa7 $2 {This move is not so easy to explain,
because I don't exactly understand what white could miss.} Rxa7 20. Bxa7 b6 {
[%csl Ra7]} 21. Bd3 Bxd3 22. Qxd3 Qa8 23. Rfe1 Rd8 $1 (23... Rxe1+ $2 24. Rxe1
Qxa7 (24... Nf8 25. Qf5 Ng6 26. Qd7 $1 $18) 25. Re8+ Nf8 26. Qf5 $1 {[%cal
Gf5c8]} Qa3 27. g3 $1 $16) 24. Bxb6 cxb6 25. Re2 g6 26. Rce1 Kg7 27. a4 $6 {
[%csl Rb3] Giving black an opportunity to attack the b-pawn.} Qa5 28. Qf3 Qb4
$15 29. Re8 (29. Re3 Nc5 (29... h5 $5 30. g3 h4 31. Qg4 Ne5 32. Qe4 $132) 30.
Rd1 Bg5 31. Re2 Rb8 $5 $15) 29... Nc5 30. R8e2 (30. Rxd8 Bxd8 31. Re3 Bg5 32.
Rc3 Bd2 (32... Bf6 33. Re3) 33. Rc2 Nxb3 $17 34. Rb2 Nd4 $1 $19) 30... Nxb3 $4
31. Qd3 $4 (31. Rb1 Bc3 32. Re7 Rf8 (32... Bf6 33. Ra7) 33. Qd1 $18) 31... Nc5
32. Qc2 Qxa4 $19 {The position is absolutely winning for black and it seems
that nothing can save white,but this game keeps on and a lot of strange are
happening.} 33. Qxa4 Nxa4 34. Re8 Rxe8 35. Rxe8 Bd4 36. Kf1 Nb2 37. Ke2 Bc5 38.
Re4 f5 39. Re7+ Kf6 40. Re6+ Kf7 41. g4 fxg4 42. hxg4 Nxc4 43. f4 Ne3 44. Kf3
Nxd5 45. f5 Ne7 46. Kf4 b5 47. Re2 b4 48. Ra2 gxf5 49. gxf5 Nd5+ 50. Kg4 Kf6
51. Ra8 Ke5 ({May be} 51... h5+ $5 {would close the circle?}) 52. Re8+ Kd4 53.
Re6 b3 54. f6 b2 $6 (54... Nxf6+ 55. Rxf6 b2 56. Rf1 Kd3 $19 {[%cal Gd3c2,
Gb2b1]}) 55. f7 b1=Q 56. f8=Q Qg1+ 57. Kh3 Qg5 58. Qf2+ Ne3 59. Rxd6+ $1 Ke5 (
59... Bxd6 60. Qf4+ $3 $11) 60. Qh2+ Ke4 61. Re6+ Kd3 $2 (61... Kd5 62. Rd6+
Bxd6 63. Qa2+ Ke4 64. Qc2+ Kd5 65. Qe4+ Kc5 66. Qc6+ $11) (61... Kf3 $1 62.
Qh1+ Kf2 63. Qh2+ Ng2 $19) 62. Rd6+ $1 Bxd6 63. Qc2+ Kd4 64. Qc4+ Ke5 65. Qe6+
Kf4 66. Qe4+ 1/2-1/2

[Event "Kiev Spring"]
[Site "Kiev"]
[Date "2000.03.23"]
[Round "2"]
[White "Baklan, Vladimir"]
[Black "Kosikov, Alexey I"]
[Result "1-0"]
[WhiteElo "2571"]
[BlackElo "2460"]
[Annotator "Finkel,A"]
[PlyCount "49"]
[EventDate "2000.03.22"]
[EventType "tourn"]
[EventRounds "11"]
[EventCountry "UKR"]
[EventCategory "11"]
[SourceTitle "CBM 077"]
[Source "ChessBase"]
[SourceDate "2000.07.27"]
[SourceVersion "1"]
[SourceVersionDate "2000.07.27"]
[SourceQuality "1"]

1. e4 Nf6 2. e5 Nd5 3. d4 d6 4. Nf3 Bg4 5. Be2 c6 {Very solid,but passive
variation,giving up the lightsquared bishop at very early stage of the game.}
6. O-O Bxf3 7. Bxf3 dxe5 8. dxe5 e6 9. Re1 (9. Qe2 Nd7 10. Nd2 Qc7 11. Re1 Nf4
12. Qe4 Ng6 13. Nc4 Be7 14. Bd2 O-O 15. Rad1 $14 {Chandler,M-Burgess,G/London
Lloyds 1993}) 9... Nd7 10. Nd2 Be7 (10... Qc7 $5 11. Nc4 N7b6 12. Qe2 Nxc4 13.
Qxc4 O-O-O $6 14. a3 Be7 15. b4 Rd7 16. Qb3 $36 {Aronian,L-Karr,J/Cannes op
1996}) 11. Nc4 (11. a4 O-O 12. Nc4 N7b6 13. Qd4 Nxc4 14. Qxc4 {1/2-1/2 Barth,
A-Zimmermann,F/OLO-B9798 1998}) (11. Nf1 Qc7 12. c4 N5b6 13. Qe2 O-O 14. b3
Rfd8 15. Bb2 Nf8 16. g3 Nbd7 17. Bg2 Nc5 18. Rad1 Rxd1 19. Rxd1 Rd8 20. Bc3
Rxd1 21. Qxd1 Qd7 22. Ne3 Qxd1+ 23. Nxd1 Nd3 24. Be4 Nc1 25. Bb1 Ne2+ 26. Kf1
Nxc3 27. Nxc3 g5 28. f4 Kg7 29. Kg2 Ba3 30. fxg5 Nd7 31. h4 Nxe5 32. Ne4 Be7
33. Kh3 a5 34. a4 Nf3 35. Bc2 Nd4 36. Bd1 e5 37. Nc3 Bb4 38. Ne2 Nf5 39. Bc2
Ne3 40. Bb1 Be1 41. Ng1 Bb4 42. Nf3 Bc3 43. Bd3 Bd4 44. Nd2 Nd1 45. Ne4 {
1/2-1/2 Van den Doel,E-Baklan,V/EU-chJM U18 1995}) (11. g3 Qc7 12. Qe2 O-O-O
13. a3 Nc5 14. Nf1 Qb6 15. Ne3 Nxe3 16. Qxe3 h6 17. h4 g5 18. h5 Na4 19. Qxb6
axb6 20. b3 Nc3 21. Bb2 Nb5 22. Red1 Rxd1+ 23. Rxd1 Rd8 24. a4 Ba3 25. Ba1 Nc7
26. Kg2 Na6 27. Rxd8+ Kxd8 28. Bd4 Bc5 29. Bb2 Nc7 30. c4 Na6 31. Be4 Bb4 32.
Bc1 Nc5 33. Bc2 Ke7 34. f4 f6 35. exf6+ Kxf6 {Arnason,J-Westerinen,H/Nordic zt
1992/1-0 (56)}) 11... O-O 12. a4 a5 13. Bd2 {Preventing b5.} Qc7 14. Qe2 Rfd8 (
14... Nc5 $5) 15. Qe4 (15. g3 $5 b6 16. Bg2 Nc5 17. b3 Na6 18. Be4 Nc5 19. Bg2
Nb7 20. Kh1 $14 {Serafino,D-Malbran,G/Buenos Aires PRENAJ 1994}) 15... Nb4 $2 {
[%csl Rf4] After this move white takes control over the square d6 and black
finds himself in troubles.} 16. Bf4 $1 $14 {[%cal Gc4d6]} Nc5 17. Qe2 Rd4 (
17... Nd5 18. Bg3 Nb6 19. Nd6 $1 Nbxa4 20. Qe3 $1 $16 {[%csl Ra4,Rc5][%cal
Gb2b3]}) 18. Bg3 Rad8 (18... Rd7 19. Nd6 Rad8) 19. Nd6 (19. c3 $2 Rxc4 20. Qxc4
Nc2 21. Rad1 Nxe1 22. Rxe1 Rd2 $15) 19... Bg5 $2 {Losing on the spot.It was
necessary to play} (19... Nd5 $1 {[%csl Ra4] with defendable position.}) 20.
Bh5 $1 $18 f5 (20... g6 21. c3 Rd2 22. Qg4 $18 {[%csl Rb4,Rg5]}) 21. Bf7+ Kf8
22. c3 Rd2 (22... R4xd6 23. exd6 Qxf7 24. cxb4 axb4 25. Qc4 $18) 23. Qh5 Bh6
24. cxb4 axb4 25. Bxe6 1-0

[Event "ARG-ch"]
[Site "Buenos Aires"]
[Date "1998.04.21"]
[Round "6"]
[White "Zarnicki, Pablo Adrian"]
[Black "Malbran, Guillermo"]
[Result "0-1"]
[WhiteElo "2515"]
[BlackElo "2355"]
[Annotator "Finkel,A"]
[PlyCount "184"]
[EventDate "1998.04.15"]
[EventType "tourn"]
[EventRounds "15"]
[EventCountry "ARG"]
[EventCategory "9"]
[SourceTitle "CBM 065"]
[Source "ChessBase"]
[SourceDate "1998.08.06"]
[SourceVersion "1"]
[SourceVersionDate "1998.08.06"]
[SourceQuality "1"]

{[%mdl 10272]} 1. e4 Nf6 2. e5 Nd5 3. d4 d6 4. Nf3 Bg4 5. Be2 c6 6. c4 Nb6 7.
Nbd2 N8d7 8. exd6 (8. h3 $5 Bxf3 9. Nxf3 dxe5 10. dxe5 e6 11. O-O Qc7 12. Bf4 (
12. Qd4 $5 h6 13. Rd1 g5 14. b3 $1 Bg7 15. Bb2 O-O-O 16. Qe3 Kb8 17. a4 $36 {
Sokolov,A-Kremenietsky,A/Moscow op 1990 (42)}) 12... Bc5 $6 13. a3 (13. Bd3 $5
h6 14. Qe2 O-O-O 15. Bh2 g5 16. a3 Be7 17. b4 $16 {Junge,R-Barthel,B/Krumbach
op 1991 (31)}) 13... a5 14. b3 Nc8 15. Bd3 Ne7 16. Qe2 Ng6 17. Bh2 $14 {
Garcia,G-Fernandez Garcia,J/Las Palmas op 1989 (58)}) (8. O-O dxe5 9. Nxe5 Nxe5
10. dxe5 Be6 (10... Bf5 11. Qb3 $5 e6 12. Qg3 Qc7 13. Nf3 O-O-O 14. Be3 Be7 15.
Nd4 Bg6 16. Rac1 $14 {Bronstein,L-Malbran,G/Buenos Aires op 1990 (39)}) 11. Qb3
g6 $6 12. Nf3 Bg7 13. Ng5 $1 Qc8 14. f4 O-O 15. Be3 $16 {Nijboer,
F-Landenbergue,C/Luzern 1989 (35)}) 8... exd6 9. O-O Be7 10. a4 (10. Re1 O-O
11. h3 Bf5 12. Nf1 h6 13. a4 Nf6 14. a5 Nbd7 15. Ne3 Be4 16. Bd3 d5 $11 {
Gola,M-Zvolanek,L/CZE-chT9495 1995 (26)}) 10... a5 11. Re1 (11. Ra3 O-O 12. Re3
d5 $5 13. c5 Nc8 14. Qc2 Bh5 15. Bd3 Bg6 16. Bxg6 fxg6 $5 17. Rfe1 Bf6 $13 {
Van Riemsdijk,H-Fernandez Garcia,J/Buenos Aires 1990/0-1 (48)}) 11... O-O 12.
Ra3 Re8 13. Re3 Qc7 (13... Nf6 $5 14. h3 Bh5 15. b3 Qc7 16. Nh2 Bg6 17. Ndf1
Bf8 18. Bf3 $14 {Ferguson,M-Neil,D/BCF-ch 1994 (41)}) 14. Bd3 Nf6 15. Qc2 {
Deserved attention} (15. Qe2 $5 Bf8 (15... Nc8 16. h3 Bd7 17. Nh4 $1 $14 {
[%cal Gh4f5]}) 16. Ne4 Nbd7 17. h3 Bh5 18. b3 $14 {with slightly better
prospects.}) 15... Bh5 16. Ne4 (16. b3 $5) 16... Nxe4 17. Bxe4 Bf6 18. Bxh7+
Kf8 19. Qf5 $6 (19. Rxe8+ Rxe8 20. Rxe8+ Kxe8 21. Bg5 $1 Bxg5 (21... Bxf3 $2
22. Bxf6 gxf6 23. gxf3 $18) 22. Nxg5 Qe7 (22... g6 $6 23. Bg8 $1 (23. g4 $6 Qe7
$8 24. Qe4 $1 Qxe4 25. Nxe4 Bxg4 26. Nf6+ Ke7 $1 (26... Kf8 $6 27. Nxg4 Kg7 28.
Bxg6 fxg6 29. b3 $16) 27. Nxg4 Nxc4 28. b3 Nd2 $44 {[%csl Rb3,Rd4,Rh7]}) 23...
Qe7 24. Bxf7+ Kf8 25. h4 $18) 23. h4 Qe1+ 24. Kh2 Bd1 25. Qf5 $16) 19... Bxf3
20. Qxf6 $2 {The 'point' of previous move of white.Simple} (20. Qxf3 Bxd4 $1 (
20... Rxe3 $6 21. Bxe3 Nxc4 22. Qxf6 $3 {[%csl Rf8]} Nxe3 23. Qh4 $18) 21.
Rxe8+ Rxe8 22. Rxe8+ Kxe8 23. b3 (23. Qe4+ Qe7 24. b3 $11) 23... g6 24. h4 $13
{would keep the balance.}) 20... gxf6 21. Rxe8+ Kg7 $19 {Eliminating white's
hopes to give nice mate after} (21... Rxe8 $4 22. Bh6#) 22. R8e7 Qc8 {Black
has a queen for a rook and everything seems to be clear,but the fun just
begins!} 23. Bd3 Qg4 $6 {Starting to create difficulties to himself.Better was}
(23... Bh5 $5) 24. Bf1 Rg8 $5 25. h3 Qh5 26. gxf3 Qxf3 27. R7e4 $6 {More
persistant was} (27. R1e2 $1 {[%csl Rf2]} Nxc4 28. Rxb7 d5 29. Rbe7 Nd6 30.
R7e3) 27... Kh8+ 28. Rg4 Rxg4+ 29. hxg4 Qxg4+ 30. Kh2 Qh4+ $6 {More accurate
was} (30... Qxd4) 31. Kg1 Qxd4 32. b3 Qg4+ 33. Bg2 Nd7 34. Bb2 Ne5 35. Re3 Qd1+
(35... d5 $4 36. Rh3+ Kg7 37. Rg3 $16) 36. Bf1 Nf3+ 37. Kg2 Nh4+ 38. Kg1 Kg7
39. Rg3+ Kf8 40. Bxf6 Nf3+ 41. Kg2 Ne5 {Black has made maximum to complicate
theposition,but it's still wining!} 42. Bd8 Ng6 {[%cal Gg6f4]} 43. Bg5 Qh5 $5
44. Bd3 Ne5 45. Bf1 Ng4 46. Be3 Qh2+ 47. Kf3 Nxe3 {Finally exhanging one of
the bishops for a knight.} 48. Kxe3 f5 49. Bd3 f4+ 50. Kxf4 Qxf2+ 51. Rf3 Qd4+
52. Kg3+ Ke7 53. Bf1 Qg1+ 54. Kf4 Qd4+ 55. Kg3 d5 56. cxd5 cxd5 {Black's plan
is very simple:not to give to white king to come to the queenside,then to
transfer his own king to c2(via b4-a3-b2) and to push the d-pawn.It takes some
time to carry out this plan,but white can't do nothing against.} 57. Bb5 Qg1+
58. Kf4 Kf6 59. Rd3 Qf2+ 60. Rf3 Qd4+ 61. Kg3+ Ke5 62. Rd3 Qf4+ 63. Kg2 Ke4 64.
Rh3 Qd2+ 65. Kf1 Qd1+ 66. Kg2 Qd2+ 67. Kf1 Kd4 68. Rh4+ Ke3 $6 (68... Kc3 $1
69. Rh3+ Kc2 70. Rf3 Qd1+ 71. Kf2 d4 $19) 69. Rh3+ Ke4 70. Rh4+ Kf3 71. Rh3+
Kf4 72. Rd3 Qc1+ 73. Ke2 Qc2+ 74. Kf1 Ke4 75. Rh3 Qd1+ 76. Kg2 Qg4+ 77. Rg3 Qf4
78. Rh3 Kd4 79. Rd3+ Ke5 80. Rf3 Qd2+ 81. Kf1 d4 82. Bc4 Kd6 83. Rd3 Qb2 84.
Rh3 Ke5 85. Be2 Qc1+ 86. Kf2 Qc2 87. Rh5+ Kd6 88. Rh6+ Kc5 {Finally finding
the right way!} 89. Rh5+ Kb4 90. Rh3 Ka3 91. Rd3 Kb2 {[%cal Gc2c5,Gb2c2]} 92.
Rxd4 $2 Qc5 0-1

[Event "EU-Cup 18th"]
[Site "Kallithea"]
[Date "2002.09.23"]
[Round "2.3"]
[White "Coenen, Norbert"]
[Black "Burgess, Graham"]
[Result "1-0"]
[WhiteElo "2425"]
[BlackElo "2309"]
[Annotator "Finkel,A"]
[PlyCount "59"]
[EventDate "2002.09.22"]
[EventType "team-swiss"]
[EventRounds "7"]
[EventCountry "GRE"]
[SourceTitle "CBM 092"]
[Source "ChessBase"]
[SourceDate "2003.02.06"]
[SourceVersion "1"]
[SourceVersionDate "2003.02.06"]
[SourceQuality "1"]
[WhiteTeam "Eupen Rochade"]
[BlackTeam "Bristol"]
[WhiteTeamCountry "BEL"]
[BlackTeamCountry "ENG"]

1. e4 Nf6 2. e5 Nd5 3. d4 d6 4. Nf3 Bg4 5. Be2 c6 {The idea behind this move
is to retreat to c7 and not to b6 as black usually does in this variation,
however the knight is a bit passive on c7 so i doubt that this line is better
than theoretical recommendation.} 6. c4 Nc7 7. exd6 (7. O-O Bxf3 8. exd6 Bxe2
9. dxc7 Bxd1 10. cxd8=Q+ Kxd8 11. Rxd1 e6 12. Bf4 $14 {Kudrin,S-Cramling,D/
Gausdal 1982}) (7. Nbd2 Nd7 8. O-O Bxf3 9. Nxf3 dxe5 10. dxe5 Ne6 11. b4 g6 12.
Re1 Bg7 13. Bb2 $14 {Nunn,J-Paulsen,D/Hamburg 1984}) 7... exd6 8. O-O Be7 9. h3
(9. Nc3 O-O (9... Nd7 10. h3 Bh5 11. Re1 O-O 12. d5 c5 13. Bf4 a6 14. a4 f5 15.
Nh2 Bf7 16. Bd3 $14 {Campora,D-Paulsen,D/Dortmund 1981}) 10. h3 Bf5 (10... Bh5
11. Bf4 Nd7 12. Qd2 Nf6 13. d5 c5 14. a3 a5 15. Rfe1 Re8 16. g4 Bg6 17. Bd1 Bf8
18. Ba4 $14 {King,D-Cramling,P/Groningen 1982}) 11. Bf4 Re8 12. Re1 Nd7 13. Bd3
Bg6 14. Bxg6 hxg6 15. Qd3 Nf6 16. Bh2 $14 {Emms,J-Rogers,I/London 1991}) (9.
Qb3 b6 10. Nc3 O-O 11. Bf4 Nd7 12. Rfe1 Nf6 13. h3 Bf5 14. Rad1 {1/2-1/2
Gurevich,V-Pribyl,J/Belgorod 1991/TD}) 9... Bf5 (9... Bh5) 10. d5 $5 {[%csl
Rc7] Restricting black knight and preparing to bring the knight to d4.} cxd5 $6
(10... O-O 11. Nc3 Bf6 12. Nd4 Bg6 13. f4 c5 14. Nc2 Bxc3 15. bxc3 Be4 $13) 11.
cxd5 Nd7 12. Nc3 O-O 13. Nd4 Bg6 14. f4 $1 f5 $6 {[%csl Re6,Rg6]} (14... h6 15.
f5 Bh7 16. g4 Bf6 17. Bf3 Ne5 18. Bg2 $14) 15. Bf3 Bf6 16. Re1 Bxd4+ {black
couldn't tolerate white knight on d4 any more because Ne6 was threatened.} (
16... Nc5 17. Ne6 (17. b4 $2 Ne4 {[%cal Gf6a1]} 18. Nxe4 $6 fxe4 19. Bxe4 Re8
$17 {[%csl Rd4]}) 17... N7xe6 18. dxe6 Re8 19. Bd5 $16) 17. Qxd4 Nf6 18. g3 Qd7
19. a4 (19. Bd2 $5) 19... a5 $5 {[%csl Rb6][%cal Gc7a6,Ga6c5] Weakening b6,
but securing square c5 for the knight.} (19... Ne4 $6 20. Bxe4 fxe4 21. g4 Qe7
22. Kh2 Qh4 23. Be3 $16) 20. Bd2 Na6 21. Re3 Nb4 $6 {[%csl Rb4]} (21... Nc5 $1
22. Rae1 Rfe8 $14) 22. Rc1 Rac8 23. Qb6 $6 {[%csl Ra5,Rd6]} Rc5 $1 {[%csl Rd5]}
24. Re6 Rd8 25. Be3 Rxc3 $2 {Sacrificing an exchange instead of taking the
pawn! After correct} (25... Nbxd5 $8 26. Nxd5 Nxd5 27. Qxd8+ (27. Bxd5 Rxd5 28.
Bf2 Bf7 $17) 27... Qxd8 28. Bxc5 Nxf4 $1 (28... dxc5 29. Rd1 $14) 29. gxf4 (29.
Rxd6 Qg5 30. Kh2 Ne2 $1 $19) 29... dxc5 30. Rd1 Qh4 $15 {black is clearly
better.}) 26. bxc3 Nbxd5 27. Qxa5 b6 $6 (27... Bf7 28. Rxf6 Nxf6 29. Rb1 $16 {
[%csl Rb7]}) 28. Bxd5 $1 $18 Bf7 $6 (28... Nxd5 29. Qxd5 Bf7 30. Rxd6 Bxd5 31.
Rxd7 Rxd7 32. Bxb6 Bc4 $18) 29. Rxf6 bxa5 30. Rxf7 1-0

[Event "EU-ch 3rd"]
[Site "Batumi"]
[Date "2002.06.21"]
[Round "9"]
[White "Anastasian, Ashot"]
[Black "Minasian, Ara"]
[Result "0-1"]
[WhiteElo "2591"]
[BlackElo "2473"]
[Annotator "Finkel,A"]
[PlyCount "82"]
[EventDate "2002.06.12"]
[EventType "swiss"]
[EventRounds "13"]
[EventCountry "GEO"]
[SourceTitle "CBM 090"]
[Source "ChessBase"]
[SourceDate "2002.09.20"]
[SourceVersion "1"]
[SourceVersionDate "2002.09.20"]
[SourceQuality "1"]

1. e4 Nf6 2. e5 Nd5 3. d4 d6 4. Nf3 Bg4 5. Be2 c6 6. O-O Bxf3 7. Bxf3 dxe5 8.
dxe5 e6 9. b3 Nd7 10. Bb2 Qc7 {Black's counterplay is based on the play vs
white pawn on e5.} (10... Qg5 11. Re1 Bb4 12. Re4 O-O-O 13. Rg4 Qe7 14. a3 Ba5
15. c4 f5 16. Rd4 c5 17. cxd5 cxd4 18. d6 $44 {Ni Hua-Zhigalko,A/Oropesa del
Mar 2000}) 11. Re1 Rd8 (11... O-O-O 12. Nd2 (12. Bxd5 exd5 13. Nd2 Bc5 14. Kh1
Rhe8 15. f4 g6 $11 {Gdanski,J-Lanzani,M/Haifa 1989}) 12... Bb4 13. Bxd5 exd5
14. a3 Bxd2 15. Qxd2 Nc5 16. Qe3 b6 17. a4 Ne6 18. Ba3 $36 {O'Donnell,T-Bouah,
L/Moscow 1994}) (11... a5 12. a3 Rd8 13. g3 Ne7 14. Qe2 Ng6 15. h4 Bc5 16. Ra2
$5 O-O 17. Nd2 Ba7 18. Nf1 Bb8 19. h5 Ngxe5 20. Bg2 $36 {Loginov,V-Donchenko,A/
Uzhgorod 1988}) 12. g3 $5 (12. Qe2 Bb4 13. Rd1 a5 14. g3 O-O 15. a3 Bc5 16. Nd2
Ne7 17. Bg2 Ng6 18. Nf3 Nb6 19. h4 Rxd1+ 20. Rxd1 Rd8 21. Re1 $14 {Golod,
V-Donchenko,A/Alushta 1993}) 12... Ne7 13. Qe2 Ng6 14. a3 (14. Nd2 $6 {[%csl
Rd2]} Ndxe5 15. Bxe5 Nxe5 16. Qxe5 Qxe5 17. Rxe5 Rxd2 $17) 14... Be7 15. h4 $6
{Very strange decision! instead of making some profilactics against N:e5 white
is indulging black to take the pawn.} (15. Bg2 $5 Ngxe5 16. f4 (16. Bxe5 $2
Nxe5 17. Qxe5 Qxe5 18. Rxe5 Rd1+ $1 19. Bf1 Bf6 20. f4 Bxe5 21. fxe5 Ke7 $19 {
[%csl Ra1,Rb1][%cal Gh8d8,Gd8d5]}) 16... Ng6 17. Bxg7 Rg8 18. Bb2 $14) 15...
Ngxe5 16. Bg2 Bf6 17. Bc3 h5 $6 {[%csl Rh5] Now black can't castle kingside
because the pawn on h5 is hanging, however he finds an alternative plan, which
works out very good in this game. Nevertheless better was} (17... Ng6 $5 18. h5
Ne7 19. h6 g6 20. Qf3 Bxc3 21. Nxc3 Nf5 $15) 18. Bh3 Ng6 (18... g6 19. Nd2 O-O
20. Ne4 Bg7 21. f4 Ng4 22. Bxg4 hxg4 23. Qxg4 Bxc3 24. Nxc3 $11) 19. a4 a5 20.
Qe4 Ne7 21. Qf3 Nd5 22. Bxf6 gxf6 $5 (22... N7xf6 23. Na3 O-O $15) 23. Na3 Kf8
24. Nc4 f5 25. Re2 $2 {This natural move turns out to be a decisive mistake
permitting black to create very dangerous threats} b5 $1 $17 26. axb5 cxb5 27.
Bxf5 $5 {Desperate attempt to find counterplay.} (27. Nxa5 Ne5 28. Qg2 Rg8 $1 {
[%cal Gd5f4]} 29. Qf1 $8 Nf4 30. Re3 Nxh3+ 31. Qxh3 f4 32. Re4 fxg3 33. fxg3
Qc3 $1 $19) 27... exf5 28. Qxd5 bxc4 29. Rae1 (29. Qxf5 $5 cxb3 30. cxb3 Rh6
31. Rxa5 $17) 29... Nf6 30. Qxf5 Rh6 $1 31. Re7 Rd7 32. R7e5 (32. Rxd7 Qxd7 33.
Qxa5 cxb3 34. cxb3 Rg6 $17) 32... cxb3 33. cxb3 Rg6 34. Rxa5 Rd2 $1 {[%csl Rg1]
[%cal Gg6g3] Suddenly white king finds himself under attack.} 35. Rae5 Qb6 36.
R5e3 Rd4 37. Re6 $5 Qb4 38. Ra1 Rd5 39. Ra8+ (39. Qc2 Rxg3+ 40. fxg3 Qd4+ 41.
Kh2 fxe6 $19) 39... Kg7 40. Rxf6 Rxf5 41. Rxf5 Qxh4 0-1